00820nam a22002417a 450000100060000000300090000600500170001500800410003202000150007302000180008804000380010608200210014411000190016524501420018425000170032626000630034330000450040650000200045165000280047165000280049965000330052770000180056016827BD-DhUAP20200305113357.0200305r20111982ii a|||| |||| 001 0 eng d a8121924960 a9788121924962 aBD-DhUAPbEngcBD-DhUAPdBD-DhUAP 223a621.3191 MEH aMehta, V. K. . aPrinciples of power system : bincluding generation, transmission, distribution switchgear and protection /cV. K. Mehta and Rohit Mehta. a4th rev. ed. aNew Delhi :b S. Chand & Company,cc1982 [Reprinted 2016]. axv, 608 pages :billustrations ;c23 cm. aIncludes index. aElectric power systems. aElectrical engineering. aElectric power transmission. aMehta, Rohit.